00753nam a2200217Ia 4500003000400000005001700004008004100021020001800062040000700080041000800087082001800095100003700113245006900150260003600219300001700255365001300272906007700285942001200362999001900374952014200393OSt20230317111614.0210423s2005 xx 000 0 und d a9788131217351 cAL aeng a660.2815 QUIC aQUINN (Charles M);others.941987 aComputational quantum chemistry II: the group theory calculator. aNew DelhibAcademic Pressc2005 aviii,188bPB b695cINR acalculator. ; chemistry ; Computational ; Group ; II: ; quantum ; theory 2ddccBK c154672d154672 001040708ACaSACPGbSACPGd2011-08-09eHigginbothams Pvt Ltdg695.00l0o660.2815 QUICpPG001140r2022-08-24 00:00:00w2021-04-26yREF